Capitales de Europa en un mapa - Estadísticas

Estadísticas generales
  • Esta prueba ha sido intentada 868 veces
    847 desde el último reinicio
  • La puntuación promedio es 35 de 45
Respuestas en el mapa
Las respuestas están codificadas por una escala verde-roja en el mapa de la prueba según el % correcto abajo.
 
Estadísticas de respuestas
Country Capital % Correcto
Portugal Lisboa
98%
España Madrid
98%
Francia Paris
98%
Italia Roma
97%
Reino Unido Londres
97%
Alemania Berlín
96%
Rusia Moscú
95%
Irlanda Dublín
93%
Noruega Oslo
92%
Ucrania Kiev
91%
Grecia Atenas
90%
Paises Bajos Ámsterdam
88%
Belgica Bruselas
88%
Ciudad del Vaticano Ciudad del Vaticano
86%
Polonia Varsovia
85%
Finlandia Helsinki
84%
Suecia Estocolmo
83%
Luxemburgo Luxemburgo
83%
Andorra Andorra la Vieja
82%
Mónaco Mónaco
82%
Austria Viena
82%
Hungria Budapest
81%
Dinamarca Copenhague
81%
Rumania Bucarest
79%
República Checa Praga
79%
Islandia Reikiavik
79%
San Marino San Marino
79%
Bulgaria Sofía
78%
Suiza Berna
77%
Bielorrusia Minsk
73%
Estonia Tallin
73%
Croacia Zagreb
73%
Letonia Riga
71%
Malta La Valeta
67%
Albania Tirana
63%
Eslovaquia Bratislava
62%
Lituania Vilna
59%
Bosnia y Herzegovina Sarajevo
58%
Serbia Belgrado
57%
Eslovenia Liubliana
56%
Macedonia del Norte Skopie
51%
Liechtenstein Vaduz
51%
Moldavia Chisinau
49%
Montenegro Podgorica
48%
Kosovo Pristina
43%
No se encontraron pruebas coincidentes
Distribución de puntuación
Porcentaje de gente con cada puntuación
Porcentaje por número respondido
Historial de tus puntuaciones
No has intentado esta prueba desde el último reinicio